Information hiding techniques for steganography and digital water marking / (Record no. 175314)
[ view plain ]
| 000 -LEADER | |
|---|---|
| fixed length control field | 01276 a2200265 4500 |
| 003 - CONTROL NUMBER IDENTIFIER | |
| control field | Nust |
| 005 - DATE AND TIME OF LATEST TRANSACTION | |
| control field | 20221018161511.0 |
| 010 ## - LIBRARY OF CONGRESS CONTROL NUMBER | |
| LC control number | 99052317 |
| 020 ## - INTERNATIONAL STANDARD BOOK NUMBER | |
| International Standard Book Number | 1580530354 (alk. paper) |
| 040 ## - CATALOGING SOURCE | |
| Transcribing agency | Nust |
| 082 00 - DEWEY DECIMAL CLASSIFICATION NUMBER | |
| Classification number | 005.8,KAT |
| 100 ## - MAIN ENTRY--PERSONAL NAME | |
| Personal name | Katzenbeisser, Stefan |
| 9 (RLIN) | 100689 |
| 245 00 - TITLE STATEMENT | |
| Title | Information hiding techniques for steganography and digital water marking / |
| Statement of responsibility, etc. | Stefan Katzenbeisser, Fabien A.P. Petitcolas, editors. |
| 250 ## - EDITION STATEMENT | |
| Edition statement | Computer Security Series |
| 260 ## - PUBLICATION, DISTRIBUTION, ETC. | |
| Place of publication, distribution, etc. | Boston : |
| Name of publisher, distributor, etc. | Artech House, |
| Date of publication, distribution, etc. | 2000. |
| 300 ## - PHYSICAL DESCRIPTION | |
| Extent | xviii, 220 p.: |
| Other physical details | ill. |
| Dimensions | 24 cm. |
| 440 #0 - SERIES STATEMENT/ADDED ENTRY--TITLE | |
| Title | Artech House computer security series |
| 9 (RLIN) | 95054 |
| 505 ## - FORMATTED CONTENTS NOTE | |
| Formatted contents note | Introduction To Information Hiding (Page-1), Secret Writing And Stenography (Page-15), A Survey Of Steganography Techniques (Page-43), Steganalysis (Page-79), Watermarking And Copyright Protection (Page-95).A Survey Of Current Watermarking Techniques (Page-121), Robustness Of Copyright Marking Systems (Page-149), Fingerprinting (Page-175), Copyright On The Internets And Watermarking (Page-191). |
| 650 #0 - SUBJECT ADDED ENTRY--TOPICAL TERM | |
| Topical term or geographic name entry element | Computer security. |
| 9 (RLIN) | 570 |
| 650 #0 - SUBJECT ADDED ENTRY--TOPICAL TERM | |
| Topical term or geographic name entry element | Data protection. |
| 9 (RLIN) | 6081 |
| 650 #0 - SUBJECT ADDED ENTRY--TOPICAL TERM | |
| Topical term or geographic name entry element | Digital watermarking. |
| 9 (RLIN) | 100690 |
| 700 1# - ADDED ENTRY--PERSONAL NAME | |
| Personal name | Katzenbeisser, Stefan. |
| 9 (RLIN) | 100689 |
| 700 1# - ADDED ENTRY--PERSONAL NAME | |
| Personal name | Petitcolas, Fabien A. P. |
| 9 (RLIN) | 100691 |
| 942 ## - ADDED ENTRY ELEMENTS (KOHA) | |
| Koha item type | Book |
| Source of classification or shelving scheme | |
| Call number prefix | 005.8,KAT |
| Withdrawn status | Lost status | Source of classification or shelving scheme | Damaged status | Not for loan | Permanent Location | Current Location | Shelving location | Date acquired | Full call number | Barcode | Date last seen | Price effective from | Koha item type | Public note |
|---|---|---|---|---|---|---|---|---|---|---|---|---|---|---|
| Military College of Signals (MCS) | Military College of Signals (MCS) | General Stacks | 12/12/2016 | 005.8,KAT | MCS28742 | 12/08/2016 | 12/12/2016 | Book | Almirah No.9, Shelf No.1 |
